Online
Catalog

Un socialismo posibilista / (Record no. 24509)

MARC details
000 -CABECERA
campo de control de longitud fija 01492nam a2200421 a 4500
001 - NÚMERO DE CONTROL
campo de control 000025016
005 - FECHA Y HORA DE LA ÚLTIMA TRANSACCIÓN
campo de control 20200930023517.0
008 - DATOS DE LONGITUD FIJA--INFORMACIÓN GENERAL
campo de control de longitud fija 110208s1972 sp r 000 0 spa d
040 ## - FUENTE DE LA CATALOGACIÓN
Centro catalogador/agencia de origen DO-SdBNP
Centro/agencia transcriptor BNPHU
082 ## - NÚMERO DE LA CLASIFICACIÓN DECIMAL DEWEY
Número de clasificación NNN
Número de documento/Ítem M685s
049 ## - FONDOS LOCALES (OCLC)
Fondos de biblioteca BNGR
100 1# - ENTRADA PRINCIPAL--NOMBRE DE PERSONA
Nombre de persona Mitterrand, François
Fechas asociadas al nombre 1916-1996
9 (RLIN) 51329
240 10 - TÍTULO UNIFORME
Título uniforme Un socialisme du possible
Lenguaje de la obra Español.
245 10 - MENCIÓN DE TÍTULO
Título Un socialismo posibilista /
Mención de responsabilidad, etc. Con la colaboración de: Jean-Paul Bachy [y otros] Prólogo de Jaume Miravitlles ; traducción Ramón Bech.
260 ## - PUBLICACIÓN, DISTRIBUCIÓN, ETC.
Lugar de publicación, distribución, etc. Barcelona :
Nombre del editor, distribuidor, etc. Dopesa,
Fecha de publicación, distribución, etc. 1972.
300 ## - DESCRIPCIÓN FÍSICA
Extensión 178, [8] p. ;
Dimensiones 18 cm.
490 1# - MENCIÓN DE SERIE
Mención de serie Documento periodístico
Designación de volumen o secuencia 40
534 ## - NOTA SOBRE LA VERSIÓN ORIGINAL
Encabezamiento principal del original Título original:
Mención de título del original Un socialisme du possible
700 1# - PUNTO DE ACCESO ADICIONAL--NOMBRE DE PERSONA
Nombre de persona Miravitlles, Jaume
Término indicativo de función/relación pról.
9 (RLIN) 51330
700 1# - PUNTO DE ACCESO ADICIONAL--NOMBRE DE PERSONA
Nombre de persona Bech, Ramón
Término indicativo de función/relación tr.
9 (RLIN) 51331
700 1# - PUNTO DE ACCESO ADICIONAL--NOMBRE DE PERSONA
Nombre de persona Bachy, Jean-Paul
9 (RLIN) 51332
700 1# - PUNTO DE ACCESO ADICIONAL--NOMBRE DE PERSONA
Nombre de persona Baîetto, Jean-Paul
9 (RLIN) 51333
700 1# - PUNTO DE ACCESO ADICIONAL--NOMBRE DE PERSONA
Nombre de persona Benasayag, Maurice
9 (RLIN) 51334
700 1# - PUNTO DE ACCESO ADICIONAL--NOMBRE DE PERSONA
Nombre de persona Catoire, Gilles
9 (RLIN) 51335
700 1# - PUNTO DE ACCESO ADICIONAL--NOMBRE DE PERSONA
Nombre de persona Cusseu, Victor
9 (RLIN) 51336
700 1# - PUNTO DE ACCESO ADICIONAL--NOMBRE DE PERSONA
Nombre de persona Estier, Claude
9 (RLIN) 51337
700 1# - PUNTO DE ACCESO ADICIONAL--NOMBRE DE PERSONA
Nombre de persona Eyquem, Marie-Thérèse
9 (RLIN) 51338
700 1# - PUNTO DE ACCESO ADICIONAL--NOMBRE DE PERSONA
Nombre de persona Farandijis, Pierre Joxe
9 (RLIN) 51339
700 1# - PUNTO DE ACCESO ADICIONAL--NOMBRE DE PERSONA
Nombre de persona Lavau, Pierre
9 (RLIN) 51340
700 1# - PUNTO DE ACCESO ADICIONAL--NOMBRE DE PERSONA
Nombre de persona Le Chevallier, André
9 (RLIN) 51341
700 1# - PUNTO DE ACCESO ADICIONAL--NOMBRE DE PERSONA
Nombre de persona Malingre, Daniel
9 (RLIN) 51342
700 1# - PUNTO DE ACCESO ADICIONAL--NOMBRE DE PERSONA
Nombre de persona Mer-Maz, Louis
9 (RLIN) 51343
700 1# - PUNTO DE ACCESO ADICIONAL--NOMBRE DE PERSONA
Nombre de persona Monnet, Roland
9 (RLIN) 51344
700 1# - PUNTO DE ACCESO ADICIONAL--NOMBRE DE PERSONA
Nombre de persona Roudy, Yvette
9 (RLIN) 51345
700 1# - PUNTO DE ACCESO ADICIONAL--NOMBRE DE PERSONA
Nombre de persona Schoeller, François
9 (RLIN) 51346
700 1# - PUNTO DE ACCESO ADICIONAL--NOMBRE DE PERSONA
Nombre de persona Thollon-Pommrol, Vicent
9 (RLIN) 51347
830 #0 - PUNTO DE ACCESO ADICIONAL DE SERIE-TÍTULO UNIFORME
Título uniforme Documento periodístico ;
Designación de volumen o secuencia 40
9 (RLIN) 51348
Holdings
Estado de retiro Estado de pérdida Restricciones de uso No para préstamo Código de colección Localización permanente Ubicación/localización actual Ubicación en estantería Fecha de adquisición Número de inventario Total de préstamos Signatura topográfica completa Código de barras Fecha visto por última vez Precio válido a partir de Tipo de ítem Koha
        Monografías: Libros y Folletos General General En catalogación 08.02.2011 LF1   NNN M685s 25016-10 25.06.2020 25.06.2020 Préstamo en sala

Powered by Koha